Опись №7. 1911 год.

RUSMARC
00002673nmc2a2200000 x 450
0011b1483a1-9c00-4e8e-b120-a2ec3795afd1
00520160203105607.0
100##$a20151214l19111917k l0rusy0189 ca
1010#$arus
2001#$aОпись №7. 1911 год.
$j1911-1917 гг.
215##$a656 ед.хр.
102##$aRU
251##$cОпись
801#0$aRU
$bРГИА
$c20151214
$gRCR
801#1$aRU
$bГлавНИВЦ
$c20151214
$2rusmarc
801#2$aRU
$bПБ им. Б.Н. Ельцина
$c20160203
$gRCR
$2rusmarc
850##$aРГИА
852##$aРГИА
$eФедеральное казенное учреждение "Российский государственный исторический архив" (РГИА)
$j7
937##$hРГИА
$d1441357
$aASBIBLIO_SCAN
461#0$100151d14578-dc98-458d-88c9-10678835cc3e
$12001
$aСовет министров (1905-1917)
$1251
$cФонд
$1852
$j1276
371##$aДокумент не является опубликованным и широко распространяемым
035##$a1b1483a1-9c00-4e8e-b120-a2ec3795afd1
Фонд Совет министров (1905-1917)
Формат отображения